000 00638nmm a2200205Ia 4500
008 251105s9999||||xx |||||||||||||||||und||
020 _a9788497429245
041 _aspa
100 _aManjón, Andrés
245 0 _aEscritos socio-pedagógicos :
_b Educar enseñando
264 _a[Madrid, España] :
_bBiblioteca Nueva,
_c2009
300 _a392 páginas
490 _aMemoria y crítica de la educación: Serie Clásicos
650 _aEducation
700 _aManjón, Andrés
700 1 _a Palma Valenzuela, Andrés
700 1 _a Medina Ocaña, José
856 _uhttps://public.digitaliapublishing.com/a/6281
942 _cCF
999 _c68227
_d68227